Estado demostrativo del número y clase de comisiones y trabajos facultativos del servicio provincial de policía urbana y construcciones civiles, desempeñados por Modesto Fossas Pi [...], durante un plazo de siete años comprensivo desde el de[sic] 1862 hasta el de[sic] 1868 ambos inclusive; con la relación valorada de dichos trabajos y comisiones en comparación con las cantidades abonadas por ellos de los fondos públicos
Descripción Física:
4 p. ; 30 cm
MARC
| LEADER | 00000nam a2200000Ia 4500 | ||
|---|---|---|---|
| 001 | 20743 | ||
| 008 | 160829s1869 xx 000 0 cat d | ||
| 080 | |a 1577, exp. 1 | ||
| 100 | |a Fossas Pi, Modesto |9 24544 | ||
| 245 | |a Estado demostrativo del número y clase de comisiones y trabajos facultativos del servicio provincial de policía urbana y construcciones civiles, desempeñados por Modesto Fossas Pi [...], durante un plazo de siete años comprensivo desde el de[sic] 1862 hasta el de[sic] 1868 ambos inclusive; con la relación valorada de dichos trabajos y comisiones en comparación con las cantidades abonadas por ellos de los fondos públicos | ||
| 260 | |a Barcelona : |b [s.n.], |c 1869 | ||
| 300 | |a 4 p. ; |c 30 cm | ||
| 650 | |a Policia municipal |x Barcelona |x Edificis |9 48118 | ||
| 650 | |a Enginyeria urbana |x Barcelona |9 48119 | ||
| 901 | |a Arxiu | ||
| 942 | |n 1 | ||
| 952 | |0 0 |1 0 |4 0 |6 1577_EXP_1 |7 1 |9 54338 |a Arxiu |b Arxiu |d 2016-12-01 |l 0 |o 1577, exp. 1 |p 20743 |r 2016-12-01 00:00:00 |w 2016-12-01 |y ARXIU | ||
| 999 | |c 58207 |d 58207 | ||